LEADER 00938cam0 2200277 450 001 E600200056729 005 20200528074134.0 010 $a2711610853 100 $a20091119d1991 |||||ita|0103 ba 101 $afre 102 $aFR 200 1 $aCorrespondance 1923-1971$fEtienne Gilson$gJacques Maritain$gÉditéè et commentée par Géry Prouvost 210 $aParis$cVrin$d1991 215 $a300 p.$d22 cm 700 1$aGilson$b, Étienne$3AF00004689$4070$0385532 702 1$aMaritain, Jacques$3A600200059596$4070 702 1$aProuvost, Gery$3A600200057394$4070 801 0$aIT$bUNISOB$c20200528$gRICA 850 $aUNISOB 852 $aUNISOB$j100$m73240 912 $aE600200056729 940 $aM 102 Monografia moderna SBN 941 $aM 957 $a100$b008312$gSi$d73240$racquisto$1pregresso1$2UNISOB$3UNISOB$420091119092553.0$520200528074111.0$6Spinosa 996 $aCorrespondance 1923 - 1971$9861652 997 $aUNISOB LEADER 01894nam0 2200349 i 450 001 SUN0024584 005 20180509110728.882 010 $a978-07-923377-2-0$d0.00 100 $a20040923d1995 |0engc50 ba 101 $aeng 102 $aNL 105 $a|||| ||||| 200 1 $a*Categorical structure of closure operators with applications to topology, algebra, and discrete mathematics$fDikran Dikranjan and W. Tholen 210 $aDordrecht$cKluwer$d1995 215 $axvii, 356 p.$cill.$d25 cm. 410 1$1001SUN0022423$12001 $a*Mathematics and its applications$v346$1210 $aDordrecht$cKluwer$d1977-2007. 606 $a18-XX$xCategory theory; homological algebra [MSC 2020]$2MF$3SUNC019745 606 $a18A20$xEpimorphisms, monomorphisms, special classes of morphisms, null morphisms [MSC 2020]$2MF$3SUNC022271 606 $a18A32$xFactorization systems, substructures, quotient structures, congruences, amalgams [MSC 2020]$2MF$3SUNC022272 606 $a54B30$xCategorical methods in general topology [MSC 2020]$2MF$3SUNC028766 606 $a18F60$xCategories of topological spaces and continuous mappings [MSC 2020]$2MF$3SUNC028768 620 $aNL$dDordrecht$3SUNL000068 700 1$aDikranjan$b, Dikran N.$3SUNV020617$054921 702 1$aTholen$b, W.$3SUNV020619 712 $aKluwer$3SUNV000231$4650 790 1$aDikranjan, D.$zDikranjan, Dikran N.$3SUNV020618 801 $aIT$bSOL$c20201019$gRICA 856 4 $uhttps://books.google.it/books?id=FeKGFRNTc1sC&pg=PA71&dq=9780792337720&hl=it&sa=X&ved=0ahUKEwjGz8PTo_jaAhXBthQKHSCHBtwQuwUILTAA#v=onepage&q=9780792337720&f=false 912 $aSUN0024584 950 $aUFFICIO DI BIBLIOTECA DEL DIPARTIMENTO DI MATEMATICA E FISICA$d08PREST 18-XX 1147 $e08 1313 I 20040923 996 $aCategorical structure of closure operators$9376164 997 $aUNICAMPANIA